00666nam a2200217Ia 450000500170000000800410001704000190005804100120007708200150008910000170010424500750012126000420019630000160023850400190025465000250027370000150029885000100031394200070032399900170033095201010034720240531091553.0131103s9999 xx 000 0 und d aLoreto College aEnglish a510.7bDOW aDownes, L.W. 4aThe teaching of arithmetic in primary schoolscL.W.Downes and D.Paling aLondonbOxford university pressc1959 axiv, 500p.  aIncludes index aMathematics - method aPaling, D. aLCBED cBK c28199d78678 00102ddc4070aMAINbMAINd2013-11-04l0o510.7 DOW 3406pB31044r2013-11-04w2013-11-04yBKf